[Event "2nd Yerevan Open 2017"]
[Site "Yerevan ARM"]
[Date "2017.09.20"]
[Round "2.11"]
[White "Manukyan, Sargis V."]
[Black "Martirosyan, Haik M."]
[Result "0-1"]
[WhiteTitle "FM"]
[BlackTitle "IM"]
[WhiteElo "2287"]
[BlackElo "2570"]
[WhiteFideId "13303465"]
[BlackFideId "13306553"]
[EventDate "2017.09.19"]

1. d4 Nf6 2. c4 e6 3. Nc3 Bb4 4. e3 b6 5. Ne2 Ba6 6. a3 Bxc3+ 7. Nxc3 d5 8. b3
Nc6 9. Be2 O-O 10. cxd5 Bxe2 11. Nxe2 exd5 12. O-O Re8 13. Ra2 a5 14. Rc2 Qd7
15. Qd3 Nd8 16. a4 Ne6 17. Ba3 Ne4 18. Rfc1 Rac8 19. f3 Nd6 20. Bxd6 Qxd6 21.
Rc6 Qd7 22. Qb5 Re7 23. Kf2 Rce8 24. Nc3 Rd8 25. Ne2 Ree8 26. Nc3 h5 27. Rc2 h4
28. Re2 Ng5 29. h3 Re7 30. Ke1 Nh7 31. Kd2 Nf6 32. Nd1 Nh5 33. Nf2 Rde8 34. Nd3
Ng3 35. Re1 Rxe3 36. Ne5 Rxe1 37. Nxd7 R8e2+ 38. Kc3 Nf1 39. Qxe2 Rxe2 40. Rxc7
Rxg2 41. Nxb6 Rf2 42. Nxd5 Rxf3+ 43. Kc4 Rxh3 44. Ne7+ Kh7 45. d5 Nd2+ 46. Kd4
Rxb3 47. d6 Nf3+ 48. Ke4 Ng5+ 49. Kf5 Ne6 50. d7 Rd3 51. Rc4 g5 52. Kf6 Rxd7 53.
Kxf7 Nf4 54. Kf6 Rxe7 55. Kxe7 h3 56. Kf6 h2 57. Rc1 g4 58. Rh1 g3 59. Kf5 Nh3
60. Kg4 Nf2+ 0-1

[Event "2nd Yerevan Open 2017"]
[Site "Yerevan ARM"]
[Date "2017.09.20"]
[Round "2.13"]
[White "Korneev, Oleg"]
[Black "Gevorgyan, Maria"]
[Result "1-0"]
[WhiteTitle "GM"]
[BlackTitle "WIM"]
[WhiteElo "2550"]
[BlackElo "2294"]
[WhiteFideId "4156803"]
[BlackFideId "13300270"]
[EventDate "2017.09.19"]

1. e4 e5 2. Bc4 Nf6 3. d3 c6 4. Nf3 Be7 5. O-O d6 6. a3 Bg4 7. Nbd2 Nbd7 8. Ba2
Nf8 9. c3 Ng6 10. Re1 Qc8 11. d4 Nh5 12. Bc4 Nhf4 13. Bf1 Nh4 14. g3 Bh5 15.
gxf4 Bxf3 16. Nxf3 Qg4+ 17. Kh1 Qxf3+ 18. Qxf3 Nxf3 19. Re3 Nh4 20. fxe5 dxe5
21. dxe5 Ng6 22. Rg3 Bh4 23. Rg2 Nxe5 24. f4 Ng6 25. f5 Ne5 26. Rxg7 Bf6 27. Rg2
Rd8 28. Be3 b6 29. a4 Kd7 30. Rd2+ Kc7 31. Rad1 Rxd2 32. Rxd2 Re8 33. Bf4 Re7
34. Rg2 1-0

[Event "2nd Yerevan Open 2017"]
[Site "Yerevan ARM"]
[Date "2017.09.20"]
[Round "2.14"]
[White "Dilanyan, Grigor"]
[Black "Tabatabaei, M.amin"]
[Result "0-1"]
[WhiteTitle "FM"]
[BlackTitle "IM"]
[WhiteElo "2282"]
[BlackElo "2548"]
[WhiteFideId "13303570"]
[BlackFideId "12521213"]
[EventDate "2017.09.19"]

1. d4 Nf6 2. Nf3 d5 3. c4 e6 4. g3 Bb4+ 5. Bd2 Be7 6. Bg2 O-O 7. O-O c6 8. Qc2
Nbd7 9. Bf4 Nh5 10. Bd2 Nhf6 11. Rd1 Ne4 12. Ne5 f5 13. Nc3 Nxe5 14. dxe5 Qe8
15. Nxe4 fxe4 16. f3 Qh5 17. Bf4 Rxf4 18. gxf4 Bc5+ 19. Kh1 Be3 20. fxe4 Bxf4
21. h3 Bxe5 22. Rd3 d4 23. c5 Qh4 24. e3 dxe3 25. Rf1 Bf4 26. e5 Bxe5 27. Rxe3
Bf6 28. Re4 Qh5 29. Qd3 e5 30. Rxf6 gxf6 31. Qd8+ Kf7 32. Re3 Qg5 33. Rd3 Bf5
34. Qxa8 Bxd3 35. Qxb7+ Kg6 36. Qxc6 Qc1+ 37. Kh2 Qf4+ 38. Kg1 e4 39. Qe8+ Kg7
40. Qe7+ Kg6 41. Qe8+ Kg7 42. Qd7+ Kh6 43. Qd6 Kg5 44. b4 e3 45. Qd5+ Bf5 46.
Qf3 Qxf3 47. Bxf3 Kf4 48. Bg4 Be4 49. Bc8 f5 50. Kf1 Kg3 51. c6 f4 52. Ba6 Bxc6
53. Ke2 Kxh3 54. Bd3 Kg3 55. b5 Bf3+ 56. Kf1 Bd5 0-1

[Event "2nd Yerevan Open 2017"]
[Site "Yerevan ARM"]
[Date "2017.09.20"]
[Round "2.15"]
[White "Poghosyan, Suren"]
[Black "Harutyunian, Tigran K."]
[Result "0-1"]
[WhiteTitle "FM"]
[BlackTitle "IM"]
[WhiteElo "2256"]
[BlackElo "2520"]
[WhiteFideId "13303201"]
[BlackFideId "13303635"]
[EventDate "2017.09.19"]

1. d4 d5 2. c4 e6 3. Nc3 Nf6 4. cxd5 Nxd5 5. e4 Nxc3 6. bxc3 c5 7. Rb1 Be7 8.
Bb5+ Bd7 9. Bd3 cxd4 10. cxd4 Nc6 11. Nf3 Nb4 12. O-O O-O 13. Ne5 Be8 14. Be3
Rc8 15. a3 Nxd3 16. Qxd3 f6 17. Nf3 Bc6 18. Rfd1 Qd6 19. d5 exd5 20. exd5 Rfd8
21. Bxa7 Qxd5 22. Qe2 Qe4 23. Be3 Kh8 24. Qb2 Qa4 25. Rxd8+ Rxd8 26. Nd4 Bc5 27.
Qc2 Bxd4 0-1

[Event "2nd Yerevan Open 2017"]
[Site "Yerevan ARM"]
[Date "2017.09.20"]
[Round "2.16"]
[White "Kislinsky, Alexey"]
[Black "Bagheri, Maziar"]
[Result "1-0"]
[WhiteTitle "GM"]
[WhiteElo "2505"]
[BlackElo "2285"]
[WhiteFideId "14108801"]
[BlackFideId "12530913"]
[EventDate "2017.09.19"]

1. e4 e5 2. Nf3 Nc6 3. Bc4 Nf6 4. d3 Be7 5. O-O O-O 6. Re1 d6 7. a4 Na5 8. Ba2
c5 9. Nbd2 Nc6 10. c3 Be6 11. Nc4 h6 12. Ne3 Bxa2 13. Rxa2 d5 14. exd5 Nxd5 15.
Nc4 f6 16. Nh4 Qd7 17. Qh5 Rf7 18. Nf5 Bf8 19. Qg6 Kh8 20. Re4 Qe6 21. h4 Nde7
22. Nxe7 Nxe7 23. Nxe5 Nxg6 24. Nxg6+ 1-0

[Event "2nd Yerevan Open 2017"]
[Site "Yerevan ARM"]
[Date "2017.09.20"]
[Round "2.17"]
[White "Hakobyan, Hovhannes H."]
[Black "Gabrielian, Artur"]
[Result "0-1"]
[BlackTitle "GM"]
[WhiteElo "2242"]
[BlackElo "2501"]
[WhiteFideId "13306308"]
[BlackFideId "4131002"]
[EventDate "2017.09.19"]

1. e4 d6 2. d4 Nf6 3. Nc3 g6 4. f4 Bg7 5. Nf3 O-O 6. Bd3 Nc6 7. O-O e5 8. fxe5
dxe5 9. d5 Ne7 10. Nxe5 c6 11. Kh1 cxd5 12. exd5 Nfxd5 13. Nxd5 Nxd5 14. Nc4 Nb4
15. Bf4 Nxd3 16. cxd3 Qd5 17. Rc1 Be6 18. Qe2 b5 19. Ne5 Qxa2 20. Rc5 a6 21. d4
Rfe8 22. Rfc1 Bf8 23. Rc7 Rac8 24. h3 Rxc7 25. Rxc7 Rc8 26. Nd7 Bxd7 27. Rxd7
Bg7 28. Rc7 Qb1+ 29. Kh2 Qf5 30. Rxc8+ Qxc8 31. d5 Qd7 32. d6 Bf6 33. Be5 Bd8
34. Qf3 f6 35. Qd5+ Kg7 36. Bd4 a5 37. b3 a4 38. bxa4 bxa4 39. Bc5 h5 40. Kg3
Qb5 41. Qa8 h4+ 42. Kf3 Qd3+ 43. Kf2 Qf5+ 44. Ke2 Qe5+ 45. Kf1 Qf4+ 46. Ke2 Qc4+
47. Kf3 Qf1+ 48. Ke3 Qe1+ 49. Kf3 Ba5 50. d7 Qd1+ 51. Ke4 f5+ 52. Ke5 Bc7+ 0-1

[Event "2nd Yerevan Open 2017"]
[Site "Yerevan ARM"]
[Date "2017.09.20"]
[Round "2.18"]
[White "Kotanjian, Tigran"]
[Black "Kursova, Maria"]
[Result "1/2-1/2"]
[WhiteTitle "GM"]
[BlackTitle "WGM"]
[WhiteElo "2496"]
[BlackElo "2280"]
[WhiteFideId "13301250"]
[BlackFideId "4129709"]
[EventDate "2017.09.19"]

1. Nf3 c5 2. c4 Nc6 3. Nc3 e5 4. d3 Nge7 5. Be3 d6 6. g3 g6 7. Bg2 Bg7 8. O-O
O-O 9. a3 a5 10. Rb1 h6 11. Bd2 Be6 12. Qc1 Kh7 13. Ne1 Rc8 14. Nc2 d5 15. cxd5
Nxd5 16. Nxd5 Bxd5 17. Bxd5 Qxd5 18. Ne3 Qd8 19. a4 Nd4 20. Qd1 b6 21. Nc4 f5
22. Bc3 e4 23. dxe4 fxe4 24. e3 Rc6 25. Kg2 Qc8 26. exd4 cxd4 27. Bxd4 Rd8 28.
b3 Rxd4 29. Qe2 Qb7 30. Rfd1 Re6 31. Ne3 Rd3 32. Rxd3 exd3+ 33. Qf3 Qd7 34. h4
Rf6 35. Qd5 Rd6 36. Qb5 Qxb5 37. axb5 Rd4 38. Kf3 Bf8 39. Ng4 Kg7 40. Ne5 d2 41.
Ke3 Bc5 42. Nd3 Rb4+ 43. Nxc5 bxc5 44. Kxd2 Rxb5 1/2-1/2

[Event "2nd Yerevan Open 2017"]
[Site "Yerevan ARM"]
[Date "2017.09.20"]
[Round "2.19"]
[White "Gasparian, Tigran"]
[Black "Minasian, Artashes"]
[Result "0-1"]
[BlackTitle "GM"]
[WhiteElo "2208"]
[BlackElo "2492"]
[WhiteFideId "13300903"]
[BlackFideId "13300040"]
[EventDate "2017.09.19"]

1. Nf3 g6 2. e4 Bg7 3. Bc4 e6 4. Bb3 d5 5. exd5 exd5 6. O-O Ne7 7. d4 Nbc6 8. c3
Qd6 9. Na3 a6 10. Re1 O-O 11. Nc2 Na5 12. Nb4 Nxb3 13. axb3 Bf5 14. Nd3 Rae8 15.
Bf4 Qd8 16. Nc5 Bc8 17. h3 Nf5 18. Qd2 f6 19. Rxe8 Rxe8 20. Re1 Rxe1+ 21. Qxe1
Kf7 22. Nd2 b6 23. Nd3 a5 24. f3 Ba6 25. Nf2 Bf8 26. g4 Ng7 27. Qe3 Ne6 28. Bg3
c5 29. Kg2 cxd4 30. cxd4 Qc8 31. f4 Qc2 32. Nf3 Qe2 33. Qc1 Bd3 34. f5 gxf5 35.
gxf5 Bxf5 36. Ng1 Be4+ 37. Kh2 Qc2 38. Qe3 Qxb2 39. Ne2 Ng5 40. h4 Nf3+ 0-1

[Event "2nd Yerevan Open 2017"]
[Site "Yerevan ARM"]
[Date "2017.09.20"]
[Round "2.20"]
[White "Mikaelyan, Arman"]
[Black "Karatorossian, David"]
[Result "1-0"]
[WhiteTitle "IM"]
[BlackTitle "IM"]
[WhiteElo "2474"]
[BlackElo "2250"]
[WhiteFideId "13304852"]
[BlackFideId "13300482"]
[EventDate "2017.09.19"]

1. d4 g6 2. e4 Bg7 3. Nc3 d6 4. Nge2 e5 5. Be3 Nc6 6. Qd2 Nf6 7. f3 exd4 8. Nxd4
O-O 9. O-O-O Nxd4 10. Bxd4 Be6 11. g4 Nd7 12. Bxg7 Kxg7 13. h4 h6 14. Be2 f6 15.
f4 g5 16. e5 fxe5 17. hxg5 Rxf4 18. gxh6+ Kh8 19. Rdg1 Nf8 20. g5 Bf5 21. Bd3
Ng6 22. h7 Kg7 23. Bxf5 Rxf5 24. h8=Q+ Nxh8 25. g6 Kf6 26. g7 Ng6 27. Qh6 1-0

[Event "2nd Yerevan Open 2017"]
[Site "Yerevan ARM"]
[Date "2017.09.20"]
[Round "2.21"]
[White "Grigorian, Marine"]
[Black "Hayrapetyan, Hovik"]
[Result "0-1"]
[WhiteTitle "WFM"]
[BlackTitle "GM"]
[WhiteElo "2183"]
[BlackElo "2472"]
[WhiteFideId "4124260"]
[BlackFideId "13302639"]
[EventDate "2017.09.19"]

1. d4 Nf6 2. c4 g6 3. Nc3 d5 4. cxd5 Nxd5 5. e4 Nxc3 6. bxc3 Bg7 7. Nf3 c5 8.
Be3 O-O 9. Be2 b6 10. Rc1 cxd4 11. cxd4 e6 12. O-O Bb7 13. Qd3 Nc6 14. Rfd1 Qd7
15. h4 h6 16. Qb1 Rac8 17. Bc4 Na5 18. Bb5 Qd6 19. Qd3 Nc6 20. a3 Rfd8 21. Bc4
Na5 22. Ba6 Bf8 23. Bxb7 Nxb7 24. Rxc8 Rxc8 25. Qa6 Qb8 26. Ne5 Rc7 27. Bf4 Nd6
28. d5 exd5 29. Rxd5 Qc8 30. Qxc8 Rxc8 31. Nxg6 fxg6 32. Bxd6 Rd8 33. e5 Kf7 34.
Rd4 Bxd6 35. exd6 Ke6 36. Rg4 Kf5 37. Ra4 a5 38. g4+ Ke5 39. f4+ Kd5 40. Kf2
Rxd6 41. Ke3 Rc6 42. Rd4+ Kc5 43. Re4 b5 44. f5 gxf5 45. Re5+ Kc4 46. gxf5 b4
47. Rxa5 b3 48. Ra4+ Kc3 49. Rb4 Rc5 50. Rxb3+ Kxb3 0-1

[Event "2nd Yerevan Open 2017"]
[Site "Yerevan ARM"]
[Date "2017.09.20"]
[Round "2.22"]
[White "Hakobyan, Aram"]
[Black "Ghukasyan, Siranush"]
[Result "0-1"]
[WhiteTitle "IM"]
[BlackTitle "WIM"]
[WhiteElo "2472"]
[BlackElo "2218"]
[WhiteFideId "13306677"]
[BlackFideId "13300946"]
[EventDate "2017.09.19"]

1. d4 d5 2. c4 e6 3. Nf3 Nf6 4. Bg5 Be7 5. Nc3 h6 6. Bxf6 Bxf6 7. e3 O-O 8. Qc2
Nc6 9. Rd1 a6 10. a3 g6 11. Be2 b6 12. O-O Bb7 13. b4 Bg7 14. Rd2 Ne7 15. c5 b5
16. a4 c6 17. Ne5 Qc7 18. f4 f5 19. g4 Bc8 20. Bd3 Bd7 21. Rg2 Kh8 22. Kh1 Be8
23. Rfg1 g5 24. h4 Bxe5 25. dxe5 fxg4 26. hxg5 Nf5 27. Rxg4 Nxe3 28. Qh2 Nxg4
29. Rxg4 Qg7 30. Rh4 h5 31. Ne2 Bg6 32. Qh3 Bxd3 33. Qxd3 Kg8 34. Ng3 Kf7 35.
Qf3 Qg6 36. Kg2 Ke7 37. a5 Rf7 38. f5 exf5 39. Qf4 Rh8 40. Kf2 Rff8 41. e6 Kxe6
42. Qc7 Qxg5 43. Rf4 Rh6 44. Ne2 Kf6 45. Nd4 Rf7 46. Qb8 Kg7 47. Nf3 Qf6 48. Rd4
Rg6 49. Rd2 Re7 50. Qc8 Qe6 51. Qxe6 Rexe6 52. Nd4 Re5 53. Kf3 h4 54. Rh2 Rg3+
55. Kf2 Rg4 56. Nxc6 Rf4+ 57. Kg2 Re2+ 58. Kg1 Rg4+ 0-1

[Event "2nd Yerevan Open 2017"]
[Site "Yerevan ARM"]
[Date "2017.09.20"]
[Round "2.23"]
[White "Babayan, Armine"]
[Black "Babujian, Levon"]
[Result "0-1"]
[BlackTitle "GM"]
[WhiteElo "2168"]
[BlackElo "2458"]
[WhiteFideId "13304135"]
[BlackFideId "13301993"]
[EventDate "2017.09.19"]

1. e4 c5 2. Nc3 Nc6 3. g3 g6 4. Bg2 Bg7 5. d3 d6 6. Nge2 Nf6 7. Bg5 O-O 8. Qd2
Nd4 9. O-O Bg4 10. f3 Bd7 11. g4 Rc8 12. Ng3 Qb6 13. Rab1 c4 14. Kh1 cxd3 15.
Qxd3 Be6 16. Be3 Nd7 17. Rfd1 Bc4 18. Qd2 e5 19. b3 Be6 20. Nce2 Qa6 21. c4 b5
22. Bxd4 exd4 23. cxb5 Qxb5 24. Nxd4 Bxd4 25. Qxd4 Rc2 26. a4 Qg5 27. Rb2 Rxb2
28. Qxb2 Rb8 29. b4 Ne5 30. Qd4 Nc6 31. Qc3 Nxb4 32. Qc7 Rc8 33. Qxd6 a5 34. f4
Qxg4 35. f5 Bb3 36. Rf1 Bc4 37. Qd7 Rf8 38. Rc1 Nd3 39. Rg1 Qf4 40. Qd4 Ne5 41.
Qd6 Re8 42. Rb1 Kg7 43. Rg1 Qh4 44. Rc1 Ng4 45. h3 Ne5 46. Rc3 Qd8 47. Qc5 Bd3
48. Qe3 Kg8 49. Rc5 Bc4 50. Qc3 Qd6 51. Rxa5 Nc6 52. Rd5 Bxd5 53. exd5 Nd4 54.
Ne4 Qe5 55. d6 Rb8 56. Qc1 Nxf5 57. d7 Kg7 58. Qd1 Rd8 59. a5 Qxa5 60. Nd6 Nxd6
61. Qd4+ f6 0-1

[Event "2nd Yerevan Open 2017"]
[Site "Yerevan ARM"]
[Date "2017.09.20"]
[Round "2.24"]
[White "Nalbandian, Tigran"]
[Black "Matevosyan, Sedrak"]
[Result "1-0"]
[WhiteTitle "GM"]
[WhiteElo "2455"]
[BlackElo "2202"]
[WhiteFideId "13300245"]
[BlackFideId "13302035"]
[EventDate "2017.09.19"]

1. Nf3 c5 2. g3 Nc6 3. Bg2 g6 4. c3 e5 5. e4 Bg7 6. O-O Nge7 7. d3 O-O 8. a3 d5
9. b4 dxe4 10. dxe4 Qxd1 11. Rxd1 Be6 12. Be3 Rfd8 13. Nbd2 cxb4 14. axb4 b5 15.
Bf1 Rdb8 16. Rdb1 f5 17. Ng5 Bc8 18. c4 h6 19. cxb5 Nd4 20. Bc4+ Kf8 21. Ngf3
fxe4 22. Nxd4 exd4 23. Bf4 Rb6 24. Nxe4 g5 25. Bc7 Rb7 26. b6 Bf5 27. Nc5 Bxb1
28. Nxb7 Be4 29. Nc5 axb6 30. Ne6+ Kg8 31. Rxa8+ Bxa8 32. Nxg7+ Bd5 33. Nf5 Bxc4
34. Nxe7+ Kf8 35. Ng6+ Kg7 36. Ne5 1-0

[Event "2nd Yerevan Open 2017"]
[Site "Yerevan ARM"]
[Date "2017.09.20"]
[Round "2.26"]
[White "Sargsyan, Shant"]
[Black "Gharagyozyan, Artur"]
[Result "1-0"]
[WhiteTitle "IM"]
[WhiteElo "2436"]
[BlackElo "2170"]
[WhiteFideId "13306766"]
[BlackFideId "13303279"]
[EventDate "2017.09.19"]

1. d4 d5 2. c4 e6 3. Nf3 Nf6 4. Nc3 dxc4 5. e4 Bb4 6. Bg5 c5 7. Bxc4 cxd4 8.
Nxd4 Qa5 9. Bd2 O-O 10. Qe2 Rd8 11. Nb3 Qh5 12. Qxh5 Nxh5 13. e5 Nc6 14. Be2 g6
15. Bg5 Rd5 16. f4 Nd4 17. Nxd4 Rxd4 18. O-O Bd7 19. Rfd1 Rxd1+ 20. Rxd1 Bc6 21.
g4 Ng7 22. Kf2 Rc8 23. Kg3 Ne8 24. Nb5 Bc5 25. Nd4 Bxd4 26. Rxd4 Bd5 27. Bb5 Kf8
28. f5 Rc5 29. a4 a6 30. Bh6+ Ke7 31. f6+ Kd8 32. Bf8 Rc8 33. Be7+ Kc7 34. Bxe8
Rxe8 35. Rxd5 exd5 36. e6 fxe6 37. f7 Rxe7 38. f8=Q Rd7 39. Qc5+ Kd8 40. Qd4 e5
41. Qxe5 d4 42. Qb8+ Ke7 43. Kf2 d3 44. Ke1 d2+ 45. Kd1 Kf7 46. Qh8 Ke6 47. Qe8+ 1-0

[Event "2nd Yerevan Open 2017"]
[Site "Yerevan ARM"]
[Date "2017.09.20"]
[Round "2.27"]
[White "Mkrtchyan, Sargis R."]
[Black "Aitbayev, Aslan"]
[Result "1-0"]
[BlackTitle "IM"]
[WhiteElo "2115"]
[BlackElo "2427"]
[WhiteFideId "13307878"]
[BlackFideId "13704613"]
[EventDate "2017.09.19"]

1. d4 g6 2. Nf3 Bg7 3. g3 d6 4. Bg2 e5 5. dxe5 dxe5 6. Qxd8+ Kxd8 7. Nc3 c6 8.
Be3 Nd7 9. O-O-O Ke7 10. g4 Ngf6 11. h3 b6 12. Nd2 Bb7 13. Nc4 Rad8 14. Rd2 Ba8
15. Rhd1 Ne8 16. a4 Nc7 17. a5 b5 18. Nd6 Nf6 19. Nf5+ gxf5 20. Bc5+ Ke6 21.
Rxd8 fxg4 22. Rxh8 Bxh8 23. e4 Nd7 24. Bxa7 h5 25. hxg4 hxg4 26. f4 1-0

[Event "2nd Yerevan Open 2017"]
[Site "Yerevan ARM"]
[Date "2017.09.20"]
[Round "2.28"]
[White "Yegiazarian, Arsen"]
[Black "Gaboyan, Susanna"]
[Result "1-0"]
[WhiteTitle "GM"]
[WhiteElo "2421"]
[BlackElo "2166"]
[WhiteFideId "13300520"]
[BlackFideId "13303627"]
[EventDate "2017.09.19"]

1. e4 e5 2. Nf3 Nc6 3. Bb5 Nf6 4. d3 Bc5 5. c3 O-O 6. O-O d6 7. h3 a6 8. Bxc6
bxc6 9. d4 exd4 10. cxd4 Bb6 11. Re1 h6 12. Qc2 Bd7 13. Nc3 Re8 14. Bf4 c5 15.
d5 Ba5 16. Rad1 Nh7 17. e5 Ng5 18. Bxg5 hxg5 19. e6 fxe6 20. dxe6 Rxe6 21. Rxe6
Bxe6 22. Ne4 Bf5 23. Qc4+ Kh8 24. Nexg5 Qe7 25. Nf7+ Kh7 26. Qd5 Kg6 27. Qxa8
Qxf7 28. Nh4+ Kh7 29. Nxf5 Qxf5 30. Qxa6 1-0

[Event "2nd Yerevan Open 2017"]
[Site "Yerevan ARM"]
[Date "2017.09.20"]
[Round "2.29"]
[White "Bakunts, Rafael"]
[Black "Der Manuelian, Haik"]
[Result "0-1"]
[WhiteElo "2421"]
[BlackElo "2115"]
[WhiteFideId "13304097"]
[BlackFideId "2084015"]
[EventDate "2017.09.19"]

1. e4 e5 2. Nf3 Nc6 3. Bb5 Nf6 4. O-O Nxe4 5. d4 Nd6 6. Bxc6 dxc6 7. dxe5 Nf5 8.
Qxd8+ Kxd8 9. Nc3 Ke8 10. h3 h5 11. Bf4 Be6 12. Ng5 Rh6 13. Rad1 Bb4 14. Nxe6
Rxe6 15. Ne2 h4 16. Bh2 Rd8 17. Rxd8+ Kxd8 18. Rd1+ Ke8 19. Nd4 Nxd4 20. Rxd4
Be7 21. Kf1 b5 22. a4 a6 23. f4 c5 24. Rd1 bxa4 25. Ra1 Rb6 26. Rxa4 Rxb2 27.
Rxa6 g6 28. c4 Rb4 29. f5 gxf5 30. e6 fxe6 31. Rxe6 Kd7 32. Re2 Rxc4 33. Bxc7
Kxc7 34. Rxe7+ Kd6 35. Rf7 Ke5 36. Kf2 Kf4 37. Rh7 Rc2+ 38. Kg1 c4 39. Kh2 c3
40. Rxh4+ Ke3 41. Rh8 Re2 42. Re8+ Kd2 43. Rd8+ Ke1 44. Kg3 Re4 45. Kf3 c2 46.
Rc8 Kd2 47. g4 Re3+ 48. Kf2 Rc3 49. Rd8+ Rd3 50. Re8 f4 51. h4 c1=Q 0-1

[Event "2nd Yerevan Open 2017"]
[Site "Yerevan ARM"]
[Date "2017.09.20"]
[Round "2.30"]
[White "Simonyan, Latush"]
[Black "Torosyan, Norayr"]
[Result "1/2-1/2"]
[WhiteElo "2107"]
[BlackElo "2404"]
[WhiteFideId "13307444"]
[BlackFideId "13300431"]
[EventDate "2017.09.19"]

1. e4 e5 2. Nf3 Nc6 3. Bb5 a6 4. Ba4 Nf6 5. O-O Be7 6. Re1 b5 7. Bb3 d6 8. c3
O-O 9. h3 Na5 10. Bc2 c5 11. d4 Nd7 12. Nbd2 exd4 13. cxd4 Nc6 14. Nf1 cxd4 15.
Nxd4 Nxd4 16. Qxd4 Ne5 17. Qd1 Be6 18. Ne3 Bf6 19. Bb3 Nc4 20. Nd5 Bxd5 21. Qxd5
Rc8 22. Rb1 Rc5 23. Qb7 Qc8 24. Qxc8 Rfxc8 25. Bf4 R5c6 26. Bxc4 bxc4 27. e5
dxe5 28. Bxe5 Bxe5 29. Rxe5 Rb6 30. Rc1 Rxb2 31. Rxc4 Rd8 32. Rd4 Rc8 1/2-1/2

[Event "2nd Yerevan Open 2017"]
[Site "Yerevan ARM"]
[Date "2017.09.20"]
[Round "2.31"]
[White "Omidi, Arya"]
[Black "Hakobyan, Hakob V."]
[Result "1-0"]
[WhiteElo "2402"]
[BlackElo "2102"]
[WhiteFideId "12508780"]
[BlackFideId "13308807"]
[EventDate "2017.09.19"]

1. e4 c5 2. Nf3 Nc6 3. Bb5 e6 4. Bxc6 bxc6 5. O-O Ne7 6. b3 d6 7. Bb2 e5 8. c3
Bg4 9. h3 Bxf3 10. Qxf3 Ng6 11. d4 cxd4 12. cxd4 Be7 13. dxe5 dxe5 14. Rd1 Qc7
15. Nd2 O-O 16. Nc4 Rfd8 17. Qf5 f6 18. Bc3 Bc5 19. g3 Nf8 20. Kg2 Rxd1 21. Rxd1
Rd8 22. Rc1 Qd7 23. Qxd7 Rxd7 24. Na5 Ne6 25. Be1 Bb6 26. Nxc6 Nc5 27. Rc4 Nd3
28. Kf1 Kf7 29. Nb4 Nxb4 30. Bxb4 Rd1+ 31. Ke2 Ra1 32. Rc2 g5 33. Bd2 Ke6 34.
Be3 Kd7 35. Bxb6 axb6 36. Rd2+ Ke7 37. Kd3 Kd6 38. a4 Rh1 39. Ke3+ Kc7 40. Rc2+
Kd7 41. Kf3 h5 42. Rd2+ Kc7 43. Rd3 Re1 44. Re3 Rb1 45. g4 h4 46. Rc3+ Kd7 47.
Rd3+ Kc7 48. Kg2 Rc1 49. Rf3 Rc6 50. Kf1 Kd7 51. Ke2 Ke7 52. Kd2 Rd6+ 53. Rd3
Rc6 54. Rc3 Rd6+ 55. Ke3 Rd1 56. Rc6 Rh1 57. Rxb6 Rxh3+ 58. Ke2 Rh1 59. b4 Rb1
60. Kf3 Rg1 61. Rb7+ Kd6 62. a5 h3 63. Rh7 Rb1 64. Rxh3 Rxb4 65. Rh7 Rb3+ 66.
Kg2 Rb4 67. f3 Rb3 68. Kf1 Rb1+ 69. Ke2 Rb2+ 70. Kd3 Rb3+ 71. Kc4 Rxf3 72. a6
Ra3 73. Kb5 Rb3+ 74. Ka5 Kc5 75. Rc7+ Kd4 76. a7 Ra3+ 77. Kb4 Ra1 78. Rc4+ 1-0

[Event "2nd Yerevan Open 2017"]
[Site "Yerevan ARM"]
[Date "2017.09.20"]
[Round "2.32"]
[White "Davtyan, David Arm."]
[Black "Mkrtchian, Lilit"]
[Result "0-1"]
[BlackTitle "IM"]
[WhiteElo "2096"]
[BlackElo "2401"]
[WhiteFideId "13310046"]
[BlackFideId "13300601"]
[EventDate "2017.09.19"]

1. d4 Nf6 2. c4 e6 3. Nc3 Bb4 4. e3 O-O 5. Bd3 c5 6. Nf3 b6 7. O-O Bxc3 8. bxc3
Bb7 9. Bb2 d6 10. Nd2 Nc6 11. f3 Rc8 12. Rc1 Qc7 13. Qe1 Ba6 14. Qe2 Rcd8 15. f4
d5 16. Rf3 Na5 17. Rh3 g6 18. Qf2 Ng4 19. Qh4 f5 20. cxd5 Bxd3 21. dxe6 Rfe8 22.
e4 c4 23. Ba3 Rxe6 24. d5 b5 25. Kh1 Bxe4 26. d6 Qd7 27. Re1 Rde8 28. Nxe4 Rxe4
29. Rxe4 Rxe4 0-1

[Event "2nd Yerevan Open 2017"]
[Site "Yerevan ARM"]
[Date "2017.09.20"]
[Round "2.33"]
[White "Nugumanov, Bakhtiyar"]
[Black "Santryan, Davit"]
[Result "1-0"]
[WhiteTitle "FM"]
[WhiteElo "2401"]
[BlackElo "2085"]
[WhiteFideId "13701797"]
[BlackFideId "13307169"]
[EventDate "2017.09.19"]

1. e4 d6 2. d4 Nf6 3. Nc3 g6 4. Be3 a6 5. Qd2 b5 6. f3 Nbd7 7. Nge2 Bb7 8. g4
Nb6 9. Ng3 h5 10. gxh5 Nxh5 11. Nxh5 Rxh5 12. Bd3 Bg7 13. O-O-O b4 14. Ne2 Ra5
15. Qxb4 Rxa2 16. Nc3 Ra1+ 17. Kd2 Rxd1+ 18. Rxd1 Rb8 19. Kc1 Kf8 20. Qa5 Qd7
21. Bf1 Kg8 22. h4 Bc8 23. h5 gxh5 24. Qxh5 Na4 25. Bc4 e6 26. Rg1 Nxc3 27.
Rxg7+ Kxg7 28. Bh6+ Kh7 29. Bg5+ 1-0

[Event "2nd Yerevan Open 2017"]
[Site "Yerevan ARM"]
[Date "2017.09.20"]
[Round "2.34"]
[White "Sayadyan, Edvard"]
[Black "Tahbaz, Arash"]
[Result "0-1"]
[BlackTitle "IM"]
[WhiteElo "2011"]
[BlackElo "2381"]
[WhiteFideId "13304909"]
[BlackFideId "12528846"]
[EventDate "2017.09.19"]

1. e4 c5 2. Nf3 e6 3. d4 cxd4 4. Nxd4 Nf6 5. Nc3 d6 6. g4 h6 7. h3 Nc6 8. Be3 a6
9. Qe2 Qc7 10. O-O-O Nxd4 11. Bxd4 e5 12. Be3 Be6 13. Nd5 Bxd5 14. exd5 Be7 15.
Kb1 Nd7 16. h4 Rc8 17. f4 exf4 18. Bxf4 Kd8 19. Re1 Nb6 20. Bg2 Bf6 21. Rh3 Na4
22. Re3 Qc5 23. Re8+ Kc7 24. Re7+ Kb8 25. Rd7 Qb6 26. Bxd6+ Ka8 27. Be5 Bxe5 28.
Rxb7 Qxb7 29. Qxe5 Rhe8 30. d6 Qxg2 31. d7 Qxc2+ 0-1

[Event "2nd Yerevan Open 2017"]
[Site "Yerevan ARM"]
[Date "2017.09.20"]
[Round "2.36"]
[White "Sandipan, Chanda"]
[Black "Avetisyan, Mariam"]
[Result "1-0"]
[WhiteTitle "GM"]
[WhiteElo "2570"]
[BlackElo "1976"]
[WhiteFideId "5004225"]
[BlackFideId "13307622"]
[EventDate "2017.09.19"]

1. d4 d5 2. c4 e6 3. Nc3 Be7 4. cxd5 exd5 5. Bf4 Nf6 6. e3 c6 7. Bd3 Bg4 8. Nf3
Nbd7 9. h3 Bh5 10. Qc2 Bg6 11. Bxg6 hxg6 12. O-O-O Qa5 13. Kb1 Bb4 14. Ne2 Qb6
15. Ng3 O-O-O 16. Rd3 a5 17. a3 Be7 18. Rc1 Nh5 19. Nxh5 gxh5 20. Qa4 f6 21.
Rdc3 Nb8 22. Rb3 Qa6 23. Bxb8 Kd7 24. Rbc3 Rxb8 25. Qc2 Ke8 26. Nh4 Qb6 27. Qg6+
Kf8 28. Nf5 Rg8 29. e4 dxe4 30. Re1 Rd8 31. Rxe4 Rd7 32. Rce3 Qb5 33. Re1 1-0